Obscure Country per Letter Quiz Stats

Quiz Updated Feb 8, 2013

Challenge
Share
Tweet
Embed
Score 0/24 Timer 04:00
1 Play Today
Letter % Correct
YYemen
86.1%
QQatar
82.3%
ZZambia
81.9%
OOman
78.2%
VVanuatu
70.8%
DDjibouti
60.3%
TTuvalu
59.9%
FFiji
58.9%
PPalau
57.8%
KKiribati
57.3%
NNauru
57.3%
UUganda
56.6%
Letter % Correct
RRwanda
54%
HHonduras
47.9%
JJordan
47.3%
CComoros
47%
AAntigua and Barbuda
46.6%
LLesotho
45.5%
IIndonesia
40.4%
GGabon
40.1%
SSão Tomé and Príncipe
38.5%
MMauritius
38.1%
EEquatorial Guinea
36.6%
BBurkina Faso
29.5%

You're not logged in!

Compare scores with friends on all Sporcle quizzes.
Sign Up with Email
OR
Log In

You Might Also Like...

Show Comments

Extras

Top Quizzes Today


Score Distribution

Your Account Isn't Verified!

In order to create a playlist on Sporcle, you need to verify the email address you used during registration. Go to your Sporcle Settings to finish the process.